Nikon F Eye-Level Reflex Guide (Record no. 1702)

000 -LEADER
fixed length control field 00634nam a22002057a 4500
003 - CONTROL NUMBER IDENTIFIER
control field OSt
005 - DATE AND TIME OF LATEST TRANSACTION
control field 20210421080311.0
008 - FIXED-LENGTH DATA ELEMENTS--GENERAL INFORMATION
fixed length control field 210224s1966 ||||| |||| 00| 0 eng d
040 ## - CATALOGING SOURCE
Original cataloging agency eng
Language of cataloging eng
Transcribing agency DLC
041 ## - LANGUAGE CODE
Language code of text/sound track or separate title eng
080 ## - UNIVERSAL DECIMAL CLASSIFICATION NUMBER
Universal Decimal Classification number 77
Item number T-99
100 ## - MAIN ENTRY--PERSONAL NAME
9 (RLIN) 1114
Personal name Tydings, S. Kenneth
245 ## - TITLE STATEMENT
Title Nikon F Eye-Level Reflex Guide
Remainder of title : Modern Camera Guide Series
Statement of responsibility, etc. / by: American Photographic Book Publishing Co, Inc
260 ## - PUBLICATION, DISTRIBUTION, ETC.
Place of publication, distribution, etc. New York
Name of publisher, distributor, etc. American Photographic Book Publishing Co, Inc
Date of publication, distribution, etc. 1966
300 ## - PHYSICAL DESCRIPTION
Extent 127 p.
Other physical details ill.
365 ## - TRADE PRICE
Price amount 1.95 usd
650 #0 - SUBJECT ADDED ENTRY--TOPICAL TERM
9 (RLIN) 847
Topical term or geographic name entry element Photography
653 ## - INDEX TERM--UNCONTROLLED
Uncontrolled term ფოტოგრაფია
942 ## - ADDED ENTRY ELEMENTS (KOHA)
Source of classification or shelving scheme
Koha item type Books
Holdings
Withdrawn status Lost status Source of classification or shelving scheme Damaged status Not for loan Permanent location Current location Date acquired Inventory number Total Checkouts Full call number Barcode Date last seen Price effective from Koha item type
          Ken Walker International University Ken Walker International University 02/24/2021 770   77 T-99 770 02/24/2021 02/24/2021 Books

Powered by Koha